[Event "RUS-ch Boys U21 2020"]
[Site "Moscow"]
[Date "2020.12.16"]
[Round "9.2"]
[White "Murzin, Volodar"]
[Black "Salemgareev, Tagir"]
[Result "1-0"]
[WhiteElo "2470"]
[BlackElo "2463"]
[Annotator "ChessBase"]
[PlyCount "119"]
[EventDate "2020.12.08"]
[EventType "tourn"]
[EventCountry "RUS"]
[SourceTitle "playchess.com"]
[Source "ChessBase"]
[SourceQuality "1"]
[TimeControl "40/5400+30:1800+30"]

1. e4 {[%emt 0:00:00]} c5 {[%emt 0:00:00]} 2. Nf3 {[%emt 0:00:00]} d6 {[%emt 0:00:00]} 3. d4 {[%emt 0:00:00]} cxd4 {[%emt 0:00:00]} 4. Nxd4 {[%emt 0:00:00]} Nf6 {[%emt 0:00:00]} 5. Nc3 {[%emt 0:00:00]} a6 {[%emt 0:00:00]} 6. Be3 {[%emt 0:00:00]} e5 {[%emt 0:00:00]} 7. Nb3 {[%emt 0:00:02]} Be6 {[%emt 0:00:07]} 8. Qd2 {[%emt 0:00:32]} Nbd7 {[%emt 0:00:25]} 9. f3 {[%emt 0:04:03]} h5 {[%emt 0:00:09]} 10. O-O-O {[%emt 0:02:10]} Be7 {[%emt 0:01:10]} 11. Nd5 {[%emt 0:11:54]} Bxd5 {[%emt 0:23:23]} 12. exd5 {[%emt 0:00:06]} Nb6 {[%emt 0:00:03]} 13. Qa5 {[%emt 0:04:52]} Nfd7 {[%emt 0:00:14]} 14. Kb1 {[%emt 0:01:33]} Rc8 {[%emt 0:03:12]} 15. Nd2 {[%emt 0:02:28]} Nc5 {[%emt 0:01:53]} 16. c4 {[%emt 0:02:03]} Nbd7 {[%emt 0:01:20]} 17. Qxd8+ {[%emt 0:04:08]} Bxd8 {[%emt 0:05:18]} 18. b4 {[%emt 0:05:00]} Na4 {[%emt 0:00:06]} 19. Kc2 {[%emt 0:03:03]} Bb6 {[%emt 0:03:27]} 20. Bg5 {[%emt 0:03:09]} f6 {[%emt 0:04:38]} 21. Bh4 {[%emt 0:00:14]} Bd4 {[%emt 0:09:16]} 22. Ne4 {[%emt 0:08:01]} Ke7 {[%emt 0:00:03]} 23. Kb3 {[%emt 0:00:14]} b5 {[%emt 0:03:33]} 24. Be1 {[%emt 0:04:17]} Nab6 {[%emt 0:05:22]} 25. cxb5 {[%emt 0:01:24]} axb5 {[%emt 0:00:05]} 26. Bxb5 {[%emt 0:17:04]} Nxd5 {[%emt 0:00:17]} 27. Bf2 {[%emt 0:06:34]} Nc3 {[%emt 0:05:26]} 28. Bxd4 {[%emt 0:00:15]} Nxb5 {[%emt 0:03:12]} 29. Bb2 {[%emt 0:00:10]} Nb6 {[%emt 0:00:38]} 30. a4 {[%emt 0:04:52]} d5 {[%emt 0:00:11]} 31. Ng3 {[%emt 0:05:16]} Nc7 {[%emt 0:01:45]} 32. Nf5+ {[%emt 0:01:08]} Kd7 {[%emt 0:00:31]} 33. Ne3 {[%emt 0:02:15]} Ke6 {[%emt 0:10:41]} 34. Rhe1 {[%emt 0:00:30]} Nd7 {[%emt 0:01:04]} 35. f4 {[%emt 0:01:08]} Rhd8 {[%emt 0:02:56]} 36. g4 {[%emt 0:01:06]} hxg4 {[%emt 0:00:49]} 37. fxe5 {[%emt 0:00:34]} fxe5 {[%emt 0:00:11]} 38. Bxe5 {[%emt 0:01:04]} Nxe5 {[%emt 0:04:04]} 39. Nxg4 {[%emt 0:00:10]} Rf8 {[%emt 0:04:39]} 40. Nxe5 {[%emt 0:00:00]} Kd6 {[%emt 0:00:00]} 41. Nc4+ {[%emt 0:17:13]} Kc6 {[%emt 0:00:21]} 42. Na5+ {[%emt 0:01:31]} Kd6 {[%emt 0:03:14]} 43. Re3 {[%emt 0:01:18]} Rf4 {[%emt 0:08:11]} 44. Nb7+ {[%emt 0:02:46]} Kc6 {[%emt 0:00:37]} 45. Nc5 {[%emt 0:00:15]} Rb8 {[%emt 0:02:21]} 46. Nd3 {[%emt 0:00:23]} Rh4 {[%emt 0:00:04]} 47. Rg1 {[%emt 0:04:15]} Ne8 {[%emt 0:06:15]} 48. Rg6+ {[%emt 0:01:27]} Nf6 {[%emt 0:00:09]} 49. Re6+ {[%emt 0:03:26]} Kd7 {[%emt 0:00:02]} 50. Ra6 {[%emt 0:01:23]} Ke7 {[%emt 0:06:06]} 51. Rxg7+ {[%emt 0:01:01]} Kf8 {[%emt 0:00:01]} 52. Raa7 {[%emt 0:00:31]} Ne4 {[%emt 0:01:48]} 53. Raf7+ {[%emt 0:01:36]} Ke8 {[%emt 0:00:01]} 54. Rf5 {[%emt 0:02:26]} Rh3 {[%emt 0:05:24]} 55. Rg8+ {[%emt 0:01:11]} Ke7 {[%emt 0:00:07]} 56. Rxb8 {[%emt 0:00:03]} Rxd3+ {[%emt 0:00:06]} 57. Kc2 {[%emt 0:00:08]} Rc3+ {[%emt 0:00:29]} 58. Kb2 {[%emt 0:00:22]} Ke6 {[%emt 0:00:33]} 59. Rh5 {[%emt 0:00:11]} Rd3 {[%emt 0:00:13]} 60. Rb6+ {[%emt 0:00:07]} 1-0

[Event "RUS-ch Boys U21 2020"]
[Site "Moscow"]
[Date "2020.12.16"]
[Round "9.3"]
[White "Triapishko, Alexandr"]
[Black "Lobanov, Sergei"]
[Result "1/2-1/2"]
[WhiteElo "2506"]
[BlackElo "2522"]
[Annotator "TA"]
[PlyCount "96"]
[EventDate "2020.12.08"]
[EventType "tourn"]
[EventCountry "RUS"]
[SourceTitle "playchess.com"]
[Source "ChessBase"]
[SourceQuality "1"]

{[%evp 19,96,9,41,30,34,34,31,33,66,83,71,29,92,84,95,93,137,156,136,140,137,143,153,131,275,76,76,78,70,85,91,9,33,0,6,14,15,11,9,0,0,-8,-8,-20,-21,-31,-14,-31,0,-100,-65,-69,-79,-117,-111,-110,-107,-103,-42,-55,-50,-64,0,0,0,0,0,0,0,0,0,0,0,0,0,-8,0,0,0]} 1. Nf3 c5 2. c4 Nc6 3. Nc3 Nf6 4. e3 e6 5. d4 d5 6. cxd5 Nxd5 7. Bd3 cxd4 8. exd4 Be7 9. O-O O-O 10. Re1 Re8 11. h4 {D42: Queen's Gambit Declined: Semi-Tarrasch: 5 cxd5 Nxd5 6 e3 Nc6 7 Bd3 .} h6 12. Bc2 Nf6 13. a3 {White is slightly better.} Qa5 14. Bf4 Rd8 15. Qd3 {[#]} Qf5 $146 (15... Qb6 $11) ({Predecessor:} 15... Kf8 16. b4 Qf5 17. Qd2 Qh5 18. b5 e5 19. bxc6 exf4 20. c7 Re8 21. Ba4 Bd7 22. Bxd7 Nxd7 23. Qxf4 {½-½ (40) Shamkovich,L (2495)-Seirawan,Y (2555) South Bend 1981}) 16. Qxf5 $16 exf5 17. Bb3 Bd6 18. Bxd6 Rxd6 19. Nb5 $1 {[%cal Rb5d6]} Rd8 {[#]} 20. d5 $1 {[%cal Rd5c6][%mdl 512]} Na5 {[#]} (20... Nxd5 21. Bxd5) 21. Ba2 $1 {And now Nc7 would win.} a6 (21... Bd7 $16 {keeps fighting.}) 22. Nbd4 $2 (22. Nc7 $18 {and the rest is easy.} Ra7 23. Re7) 22... b5 23. Nc6 Nxc6 24. dxc6 Kf8 25. Ne5 ({White should play} 25. Rad1 $16 Rxd1 26. Rxd1) 25... Ra7 $11 26. Rad1 Rxd1 27. Rxd1 {Hoping for Rd8+.} Be6 28. Bxe6 fxe6 {[%mdl 4096] Endgame KRN-KRN} 29. f3 Nd5 30. Kf2 Ke7 31. g3 g5 32. h5 Rc7 33. b3 f4 34. Rc1 {[#]} (34. gxf4 $11 {keeps the balance.} gxf4 35. Rc1) 34... fxg3+ $1 $17 35. Kxg3 Nf6 $1 36. Rd1 Nxh5+ 37. Kf2 Nf4 38. Ke3 h5 ({Black should try} 38... Nd5+ $17 39. Kd4 Kd6) 39. Rg1 $15 Kf6 {White must now prevent ...Kf5.} 40. Ke4 Ne2 (40... Nd5 $15 41. Nd7+ Ke7 42. Rxg5 Rxc6 43. Rg7+ Kd6) 41. Nd7+ {The position is equal.} Ke7 42. Rxg5 Rxc6 43. Ne5 Rc3 44. Rg2 Nc1 ({Much weaker is} 44... Rxb3 $6 45. Rxe2 h4 46. Rh2 $16) 45. b4 Rxa3 {...Rb3 is the strong threat.} 46. Rg7+ Kf8 47. Rg6 Ke7 48. Rg7+ Kf8 {Blacks defense is rewarded with a draw.  Weighted Error Value: White=0.22/Black=0.13} 1/2-1/2

[Event "RUS-ch Boys U21 2020"]
[Site "Moscow"]
[Date "2020.12.16"]
[Round "9.4"]
[White "Nesterov, Arseniy"]
[Black "Gaifullin, Artur"]
[Result "1/2-1/2"]
[WhiteElo "2498"]
[BlackElo "2460"]
[Annotator "TA"]
[PlyCount "29"]
[EventDate "2020.12.08"]
[EventType "tourn"]
[EventCountry "RUS"]
[SourceTitle "playchess.com"]
[Source "ChessBase"]
[SourceQuality "1"]

{[%evp 27,29,0,0,0]} 1. e4 e5 2. Nf3 Nc6 3. Bb5 Nf6 4. O-O Nxe4 5. d4 Nd6 6. dxe5 Nxb5 7. a4 Nbd4 8. Nxd4 Nxd4 9. Qxd4 d5 10. exd6 Qxd6 11. Qe4+ Qe6 12. Qd4 Qd6 13. Qe4+ Qe6 14. Qd4 Qd6 {[#]} 15. Qe4+ $146 {An uneventful encounter. C67: Ruy Lopez: Berlin Defence: 4 0-0 Nxe4.} ({Predecessor:} 15. Qe3+ Be6 16. Nc3 Qc6 17. Nb5 Bc5 18. Qc3 O-O 19. Bf4 Rfc8 20. Nd4 Bxd4 21. Qxd4 Rd8 22. Qb4 a5 23. Qb5 Qxb5 24. axb5 {½-½ (32) Wei,Y (2732)-Grischuk,A (2777) Chess.com INT 2020}) 1/2-1/2

[Event "RUS-ch Boys U21 2020"]
[Site "Moscow"]
[Date "2020.12.16"]
[Round "9.5"]
[White "Smirnov, Timofey"]
[Black "Pogosyan, Stefan"]
[Result "1/2-1/2"]
[WhiteElo "2394"]
[BlackElo "2430"]
[Annotator "TA"]
[PlyCount "80"]
[EventDate "2020.12.08"]
[EventType "tourn"]
[EventCountry "RUS"]
[SourceTitle "playchess.com"]
[Source "ChessBase"]
[SourceQuality "1"]

{[%evp 24,80,20,9,21,-22,-33,-29,17,-29,-27,-46,-47,-43,-35,-42,-14,-5,-4,-3,-7,-13,-19,-6,0,0,0,0,0,0,0,0,0,0,0,0,0,-3,0,0,0,0,0,0,0,0,0,0,0,0,0,0,0,0,0,0,0,0,0]} 1. e4 e5 2. Nf3 Nc6 3. Bc4 Nf6 4. d3 Be7 5. O-O O-O 6. Re1 d6 7. c3 Na5 8. Bb5 a6 9. Ba4 b5 10. Bc2 c5 11. Nbd2 Re8 12. Nf1 Bf8 13. Ng3 g6 {C90: Closed Ruy Lopez with 7...d6: Early deviations.} 14. d4 exd4 15. cxd4 Bg7 {Black has an edge.} 16. h3 cxd4 17. Nxd4 Bb7 18. Bd2 Nc4 19. Bc3 d5 {[%cal Rf6e4]} 20. e5 $1 {[%cal Re5f6] The position is equal.} Ne4 21. Nxe4 dxe4 22. Bxe4 Bxe4 23. Rxe4 {[#]} Rxe5 $146 ({Predecessor:} 23... Qd5 24. Re1 Rxe5 25. Ne2 Rg5 26. Qxd5 Rxd5 27. b3 Na3 28. Bxg7 Kxg7 29. Rad1 Rad8 {0-1 (75) Timoscenko,G (2530)-Katalymov,B (2420) Krasnoyarsk /Russia) 1980}) 24. Rxe5 Nxe5 25. a4 Rb8 26. axb5 axb5 27. Nc2 Nc4 28. Qxd8+ Rxd8 29. Bxg7 Kxg7 $11 {[%mdl 4096] Endgame KRN-KRN} 30. Na3 Nxb2 {[#] ...b4 is the strong threat.} 31. Nxb5 Nc4 32. Rc1 Ne5 33. Re1 Nd3 34. Rd1 Kf6 35. Kf1 Ke5 36. g3 Rd7 37. Ke2 Nc5 38. Rxd7 Nxd7 39. Ke3 h5 40. h4 Nf6 {Weighted Error Value: White=0.04/Black=0.04} 1/2-1/2

[Event "RUS-ch Boys U21 2020"]
[Site "Moscow"]
[Date "2020.12.16"]
[Round "10.1"]
[White "Murzin, Volodar"]
[Black "Makarian, Rudik"]
[Result "0-1"]
[WhiteElo "2470"]
[BlackElo "2441"]
[Annotator "TA"]
[PlyCount "58"]
[EventDate "2020.12.08"]
[EventType "tourn"]
[EventCountry "RUS"]
[SourceTitle "playchess.com"]
[Source "ChessBase"]
[SourceQuality "1"]

{[%evp 9,58,31,36,14,23,27,33,11,18,-16,8,-25,29,29,35,31,27,33,57,47,57,56,50,47,108,87,120,113,124,-374,-390,-397,-387,-533,-485,-547,-545,-526,-527,-520,-504,-508,-462,-557,-530,-543,-571,-613,-614,-29998,-29999]} 1. e4 e5 2. Nf3 Nc6 3. Bb5 Nf6 4. d3 Ne7 5. O-O Ng6 6. Ba4 {C65: Ruy Lopez: Berlin Defence (3...Nf6), unusual lines and 4 0-0 Bc5.} c6 7. c3 Be7 8. Bc2 {White is slightly better.} d5 {[#]} 9. Nbd2 $146 ({Predecessor:} 9. exd5 cxd5 10. Re1 O-O 11. h3 Bd6 12. Be3 Re8 13. Nbd2 b6 14. Ba4 Re6 15. Bc6 {1-0 (34) Lim,B (1995)-Burns,C (2032) Auckland 2014}) 9... O-O 10. d4 Nxe4 ({Black should play} 10... exd4 11. e5 {[#]} d3 $1 {[%mdl 512]} 12. Bxd3 Ng4) 11. Nxe4 $11 dxe4 12. Nxe5 Nxe5 13. dxe5 Qa5 14. Qd4 Bf5 15. Bxe4 Rfd8 16. Qe3 Be6 (16... Bxe4 $14 17. Qxe4 Qd5) 17. Qg3 g6 18. Bc2 Qb5 {aiming for ...Qe2.} 19. a4 $2 {[%mdl 8192] This move loses the game for White.} (19. Re1 $16 {keeps the pressure on.}) 19... Qe2 $19 20. Bg5 Bxg5 21. Bd1 Qd2 22. f4 Be7 23. Bf3 Bc4 24. Rfc1 Bc5+ 25. Kh1 Qf2 26. Qg5 Rd2 27. f5 Be3 28. Qf6 Bd5 29. e6 {[#]} Qxg2+ $1 {[%mdl 576] X-Ray Attack.  Weighted Error Value: White=0.64/Black=0.20} 0-1

[Event "RUS-ch Boys U21 2020"]
[Site "Moscow"]
[Date "2020.12.16"]
[Round "11.1"]
[White "Makarian, Rudik"]
[Black "Murzin, Volodar"]
[Result "0-1"]
[WhiteElo "2441"]
[BlackElo "2470"]
[Annotator "TA"]
[PlyCount "98"]
[EventDate "2020.12.08"]
[EventType "tourn"]
[EventCountry "RUS"]
[SourceTitle "playchess.com"]
[Source "ChessBase"]
[SourceQuality "1"]

{[%evp 25,98,-8,22,-3,0,-106,-108,-95,-102,-148,-142,-160,-119,-124,-125,-123,-115,-166,-161,-182,-179,-183,-188,-189,-187,-183,-195,-198,-189,-189,-191,-189,-191,-191,-192,-179,-178,-177,-176,-251,-256,-245,-240,-343,-343,-343,-328,-450,-429,-409,-369,-349,-331,-693,-690,-599,-327,-890,-653,-731,-478,-12846,-12844,-29964,-29962,-29965,-29966,-29965,-5197,-1963,0,-12829,-5431,-29973,-29973]} 1. d4 Nf6 2. c4 g6 3. Nc3 Bg7 4. e4 O-O 5. Nf3 d6 6. Be2 e5 7. dxe5 dxe5 8. Qxd8 Rxd8 9. Bg5 Re8 10. Nd5 Nxd5 11. cxd5 c6 12. Bc4 cxd5 13. Bxd5 Nc6 14. Rc1 {E92: King's Indian: Classical: 6 Be2 e5: 7 dxe5, 7 Be3 and Petrosian System without 7...Nbd7.} Nb4 15. Rc7 (15. Bc4 $1 $11) 15... Nxd5 $17 16. exd5 {Black is better.} f6 {[#] White must now prevent ...e4.} 17. d6 Rd8 {[#]} 18. Be3 $146 ({Predecessor:} 18. Nxe5 Rxd6 19. Nc4 Ra6 20. Be3 Rxa2 21. O-O b6 22. Rd1 Be6 23. b3 b5 24. Nd2 {0-1 (44) Kozina,Z (1925)-Grbac,B (2088) Hum na Sutli 2019}) 18... Rxd6 19. O-O b6 20. Rfc1 Be6 21. b3 (21. h4 $17) 21... Rad8 $19 22. h3 Rd1+ 23. Rxd1 Rxd1+ 24. Kh2 Rd7 25. Rc8+ Kf7 26. Rb8 e4 27. Nd4 f5 28. Nc6 Bd5 29. Rc8 Bxc6 30. Rxc6 {[%mdl 4096] Endgame KRB-KRB} Be5+ 31. g3 Rc7 32. Rxc7+ (32. Rc4 {was necessary.}) 32... Bxc7 {KB-KB} 33. Kg2 Ke6 34. Kf1 {[#]} (34. Bd4 $142) 34... f4 $1 {[%mdl 512]} 35. gxf4 (35. Bxf4 Bxf4) 35... Kf5 36. a4 Bxf4 37. Bd4 Bd6 38. Ke2 g5 39. a5 $2 (39. f3) 39... Bc5 40. Bc3 b5 41. a6 $2 (41. b4 Bd6 42. a6) 41... h5 42. Ba5 g4 43. hxg4+ (43. h4 $142 Ke6 44. Bd2) 43... Kxg4 44. Bc7 h4 45. Bb8 h3 46. Bc7 Be7 (46... Bd4 $142 47. Bb8 Kf5 48. Kf1 e3 49. fxe3 Bxe3 50. Bh2 Ke4 51. Bg3 Kf3 52. Be5 Bf4 53. Bxf4 Kxf4 54. Kg1 Ke3 55. Kh2 Kd4 56. Kxh3 Kc3 57. Kg3 Kxb3 58. Kf3 b4 59. Ke2 Kc4 60. Ke3 Kc3 61. Kf4 b3 62. Kg4 Kd4 63. Kh5 b2 64. Kg5 b1=Q 65. Kf6 Qe4 66. Kf7 Qf5+ 67. Kg8 Qd7 68. Kf8 Ke5 69. Kg8 Kf6 70. Kh8 Qg7#) 47. Bb8 Bc5 (47... Kf5 $142 48. Kf1 Bc5) 48. Bc7 Kf5 (48... b4 $142 49. Bb8 Kf5) 49. f3 Bd4 {Weighted Error Value: White=0.92/Black=0.75} 0-1

[Event "RUS-ch Boys U21 2020"]
[Site "Moscow"]
[Date "2020.12.16"]
[Round "12.1"]
[White "Makarian, Rudik"]
[Black "Murzin, Volodar"]
[Result "1-0"]
[WhiteElo "2441"]
[BlackElo "2470"]
[Annotator "TA"]
[PlyCount "80"]
[EventDate "2020.12.08"]
[EventType "tourn"]
[EventCountry "RUS"]
[SourceTitle "playchess.com"]
[Source "ChessBase"]
[SourceQuality "1"]

{[%evp 14,80,71,62,66,66,65,58,65,56,46,58,70,71,61,43,54,29,50,0,0,0,0,-5,0,-6,-7,-10,-19,-65,0,-53,-53,-94,-99,-114,-79,-179,-179,-360,-355,-337,-270,-277,-275,-287,-317,-359,-380,-604,-335,-308,-272,-430,-104,-278,-197,-676,-653,-651,-652,-644,-629,-969,-1010,-873,-846,-1145,-812]} 1. d4 Nf6 2. c4 g6 3. Nc3 Bg7 4. e4 O-O 5. Be2 d6 6. Be3 e5 7. d5 a5 8. g4 Na6 {E73: King's Indian: Averbakh Variation without 6...c5.} 9. h4 Nc5 10. f3 h5 {White is slightly better.} 11. g5 Nfd7 12. Nh3 a4 {[%cal Ba5a4,Ba4a3][%mdl 32]} 13. Nf2 {[#]} c6 $146 ({Predecessor:} 13... Qe7 14. Nd3 Nb6 15. Nb4 Bd7 16. Nc2 Nc8 17. b4 axb3 18. axb3 Rxa1 19. Nxa1 {1-0 (60) Krstulovic,A (1970)-Valyi,B (1892) Hungary 2013}) 14. dxc6 bxc6 15. Qxd6 {[%mdl 64] Double Attack} Qa5 16. O-O a3 17. b4 Qxb4 18. Rfc1 $132 {[%mdl 2048] White is not keeping still} ({Wrong is} 18. Qxc6 $2 Qxc3 19. Bxc5 Nxc5 $19) 18... Ra6 $1 19. Rab1 Qa5 20. Nd3 Nxd3 21. Qxd3 Re8 (21... Nc5 $15 22. Qc2 Ne6) 22. Kg2 ({White should play} 22. c5 $11) 22... Nc5 23. Qd6 Bf8 24. Qd2 Ne6 25. Rb8 {[#]} (25. Nd1 $17 {might work better.}) 25... Nd4 $1 $19 {[%mdl 512] Strongly threatening ...Bh3+!} 26. Bxd4 $2 (26. Rcb1) 26... exd4 27. Qxd4 {[#]} Bh3+ $1 {[%mdl 576] Discovered Attack} 28. Kxh3 Rxb8 29. c5 Ra7 ({Weaker is} 29... Bxc5 30. Qf6 $15) 30. Bc4 Qxc5 31. Qd3 (31. Qxc5 $142 Bxc5 32. e5) 31... Qe5 {Hoping for ...Bd6.} 32. Ne2 Re8 33. Bb3 (33. Qc3 $142) 33... Qd6 $2 (33... Bd6 $19 {[%csl Gd6][%cal Re5h2] is more deadly.} 34. Rh1 Rb7) 34. Qe3 $2 {This costs White the game.} (34. Qxd6 $17 Bxd6 35. Rxc6) 34... Rd7 35. f4 $2 {[#]} (35. Rd1 Qc7 36. Rxd7 Qxd7+ 37. Kg2) 35... Qd3 $1 {Black is clearly winning.} 36. Rc3 Qxe4 37. Qxe4 Rxe4 38. Ng3 Rxf4 39. Rxc6 Kg7 40. Rc3 Rdd4 {[%mdl 32768] Weighted Error Value: White=0.84/Black=0.46. Loss on time!?} 1-0